Statistics for Modern Doctor Who Trivia

Click here to take the quiz!

General Stats

  • This quiz has been taken 1,776 times
  • The average score is 9 of 14

Answer Stats

HintAnswer% Correct
what is the blue police box called?Tardis
90%
What war was the daleks and time lords involved in?time
85%
1st companion in modern day doctor whoRose Tyler
84%
What Time Lord is the enemy of the doctor?The Master
82%
The Leader Of the Dalek'sDavros
76%
What number anniversary was it in 2013?50th
75%
The box that is built as the perfect prison for the doctor by his enemiespandorica
64%
what killed amy and rory?Weeping Angels
61%
Also Captain Jack HarknessFace Of Boe
56%
What was In Amy Pond's Wall when she first met the doctora crack
52%
What enemy is in the child's Library?vashta nerada
49%
Rhyno Like GuysJudoon
44%
What was The Episode called Where the doctor got controlled by a 'Copy-cat'Midnight
37%
Actor who played the 9th doctorChristopher Eccelson
4%

Score Distribution

Percentile by Number Answered

Percent of People with Each Score

Your Score History

You have not taken this quiz